Countries the Simpsons Have Visited - Statistics

General Stats
  • This quiz has been taken 34 times
  • The average score is 15 of 24
Answer Stats
Notable Episode Answer % Correct
Series home United States of America
96%
The Italian Bob Italy
93%
Bart vs. __________ Australia
89%
Blame it on Lisa Brazil
89%
Goo Goo Gai Pan China
89%
The Crêpes of Wrath France
89%
Thirty Minutes Over Tokyo Japan
89%
Kamp Krusty Mexico
89%
Boy Meets Curl Canada
85%
Homer and Apu India
85%
Monty Can’t Buy Me Love United Kingdom
85%
Simpson Tide Russian Federation
78%
In the Name of the Grandfather Republic of Ireland
70%
The Trouble With Trillions Cuba
67%
The Greatest Story Ever D’ohed Israel
56%
Elementary School Musical Netherlands
56%
The Saga of Carl Iceland
48%
Simpson Safari Tanzania
48%
Lost Verizon Peru
44%
Lost Verizon (mentioned) Ecuador
30%
Mommie Beerest* Aruba (Netherlands)
11%
A Totally Fun Thing That Bart Will Never Do Again* Antarctica
4%
Missionary: Impossible Federated States of Micronesia
4%
Bart on the Road* Hong Kong (China, then UK)
4%
No matching quizzes found
Score Distribution
Percent of People with Each Score
Percentile by Number Answered
Your Score History
You have not taken this quiz